Statistics for Troye Sivan Full Discography

Click here to take the quiz!

General Stats

  • This quiz has been taken 50 times
  • The average score is 34 of 56

Answer Stats

AlbumNo.Title% Correct
Bloom2Bloom
94%
Singles/CollabsYou
88%
Blue Neighbourhood (Deluxe)15BLUE
85%
Blue Neighbourhood (Deluxe)13SUBURBIA
85%
Blue Neighbourhood (Deluxe)1WILD
85%
Blue Neighbourhood (Deluxe)16WILD
85%
Blue Neighbourhood (Deluxe)3FOOLS
82%
Bloom1My My My!
82%
Bloom8Postcard (ft. Gordi)
82%
TRXYE1Happy Little Pill
79%
IN A DREAM EP7IN A DREAM
76%
Bloom10Animal
74%
Bloom6Dance To This (ft. Ariana Grande)
74%
Blue Neighbourhood (Deluxe)9HEAVEN (ft. Betty Who)
74%
Bloom3Lucky Strike
74%
Bloom4Seventeen
74%
Blue Neighbourhood (Deluxe)10YOUTH
74%
IN A DREAM EP2Easy
71%
IN A DREAM EP4STUD
71%
Blue Neighbourhood (Deluxe)7TALK ME DOWN
71%
Bloom9What A Heavenly Way To Die
71%
Bloom7Plum
68%
Blue Neighbourhood (Deluxe)4EASE
65%
IN A DREAM EP6Rager Teenager!
65%
Blue Neighbourhood (Deluxe)2BITE
62%
Blue Neighbourhood (Deluxe)8COOL
62%
Blue Neighbourhood (Deluxe)6DKLA
62%
Blue Neighbourhood (Deluxe)12for him.
62%
TRXYE3Fun
62%
TRXYE4Gasoline
62%
Blue Neighbourhood (Deluxe)11LOST BOY
62%
Bloom5The Good Side
62%
IN A DREAM EP510/10
56%
IN A DREAM EP3could cry just thinkin about you
56%
The June Haverly EP1June Haverly
56%
IN A DREAM EP1Take Yourself Home
56%
Blue Neighbourhood (Deluxe)5THE QUIET
56%
Singles/CollabsThere For You
56%
TRXYE5The Fault In Our Stars
53%
TRXYE2Touch
53%
Singles/Collabs1999 (ft. Charli XCX)
50%
Singles/Collabsstrawberries & cigarettes
50%
Singles/Collabs2099 (ft. Charli XCX)
47%
Singles/CollabsPapercut
47%
Blue Neighbourhood (Deluxe)14TOO GOOD
47%
Singles/Collabsi'm so tired
44%
Singles/CollabsLove Me Wrong
41%
CoversSomebody To Love
41%
The June Haverly EP3Make You Love Me
38%
UnreleasedBlue Moon
35%
The June Haverly EP2She's 22
35%
UnreleasedSwimming Pools
35%
CoversBetter Now
32%
Singles/CollabsRevelation
32%
UnreleasedRunning Shoes
21%
Singles/CollabsGlittery
18%

Score Distribution

Percentile by Number Answered

Percent of People with Each Score

Your Score History

You have not taken this quiz